|
|
|
|
| LEADER |
01728cas a2200241 a 4500 |
| 001 |
AALejournalIMF014369 |
| 008 |
230101c9999 xx r poo 0 0eng d |
| 020 |
|
|
|c 5.00 USD
|
| 020 |
|
|
|z 9781484368541
|
| 022 |
|
|
|a 1934-7685
|
| 040 |
|
|
|a BD-DhAAL
|c BD-DhAAL
|
| 110 |
2 |
|
|a International Monetary Fund.
|b Middle East and Central Asia Dept.
|
| 245 |
1 |
0 |
|a Qatar :
|b Staff Report for the 2014 Article IV Consultation.
|
| 264 |
|
1 |
|a Washington, D.C. :
|b International Monetary Fund,
|c 2014.
|
| 300 |
|
|
|a 1 online resource (53 pages)
|
| 490 |
1 |
|
|a IMF Staff Country Reports
|
| 500 |
|
|
|a <strong>Off-Campus Access:</strong> No User ID or Password Required
|
| 500 |
|
|
|a <strong>On-Campus Access:</strong> No User ID or Password Required
|
| 506 |
|
|
|a Electronic access restricted to authorized BRAC University faculty, staff and students
|
| 520 |
3 |
|
|a This 2014 Article IV Consultation highlights that Qatar's macroeconomic performance has remained strong. GDP growth slowed from 13 percent in 2011 to 6.2 percent in 2012, mostly owing to the self-imposed moratorium on additional hydrocarbon production from the North Field. Growth was 6.5 percent in 2013, driven by strong expansion in the nonhydrocarbon sector. The negative spillovers from sluggish global growth and financial market volatility have been limited. The baseline macroeconomic outlook is positive. GDP growth could stay at about 6 percent in 2014, with public investments keeping growth at about 6-7 percent over the medium term.
|
| 538 |
|
|
|a Mode of access: Internet
|
| 830 |
|
0 |
|a IMF Staff Country Reports; Country Report ;
|v No. 2014/108
|
| 856 |
4 |
0 |
|z Full text available on IMF
|u http://elibrary.imf.org/view/journals/002/2014/108/002.2014.issue-108-en.xml
|z IMF e-Library
|